| 000 | 00593nam a2200253Ia 4500 | ||
|---|---|---|---|
| 001 | 45980 | ||
| 005 | 20240114003733.0 | ||
| 007 | ta | ||
| 008 | 090324s g b000 u 346 u | ||
| 020 | _cHB | ||
| 040 | _aCotton College,Assam | ||
| 041 | _a346 | ||
| 082 |
_a954.172` _bC 459 Sn |
||
| 100 | _aNA, . | ||
| 245 | 0 |
_aSri Hatter Itibritta / _cN A. _hTextual Documents |
|
| 260 |
_bNA , _cnd. |
||
| 300 |
_a138p. ; _c23 cm. |
||
| 653 | _aIndian History | ||
| 653 | _aHistory | ||
| 653 | _aT/G-History | ||
| 942 |
_2ddc _cBK |
||
| 999 |
_c45945 _d45945 |
||